| 000 | 01043na a2200313 4500 | ||
|---|---|---|---|
| 001 | 13603 | ||
| 003 | MIRAKIL | ||
| 005 | 20181213155244.0 | ||
| 008 | 160817b tu 000 0 | ||
| 020 | _a9751704669 | ||
| 035 | _a13603 | ||
| 040 |
_aMilas _btur _cTR-AnCHP |
||
| 082 |
_aATA 923.156 _bA72n 1989 |
||
| 090 | _aATA 923.156 A72n 1989 | ||
| 100 |
_aAtatürk, Mustafa Kemal _d1881-1838 |
||
| 245 |
_aNutuk _cMustafa Kemal Atatürk ; hazırlayanlar: Birol Emil, Melin Has-er, Mehmet Ali Aydın |
||
| 260 |
_aAnkara _bKültür Bakanlığı _c1989 |
||
| 300 |
_a538 s. _c20 sm. |
||
| 490 |
_aKültür Bakanlığı yayınları _v389 |
||
| 490 |
_a100 Temel Eser dizisi _v145 |
||
| 600 |
_aAtatürk, Mustafa Kemal _d1881-1938 _xSöylev ve demeçler |
||
| 600 |
_aAtatürk, Mustafa Kemal _d1881-1938 _xSiyasal ve sosyal görüşler |
||
| 650 |
_aAtatürk devrimleri _zTürkiye |
||
| 651 |
_aTürkiye _xSiyaset ve yönetim |
||
| 700 | _aHas-er, Melin | ||
| 700 | _aAydın, Mehmet Ali | ||
| 700 | _aEmil, Birol | ||
| 942 |
_2ddc _cBKS |
||
| 999 |
_c9368 _d9368 |
||